Quizzes
Events
Quiz Creation
Community
Videos
Private Events
Remove Ads
Sign In
Join for FREE
Feedback
Dark Mode
Quiz Categories
Sports
Geography
Music
Movies
Television
Just For Fun
Miscellaneous
History
Literature
Language
Science
Gaming
Entertainment
Religion
Holiday
For Kids
Quiz Lab
Recent
Popular Today
Quiz Kudos Today
Editor Picks
Curator Picks
Quizzes by...
Day
Popularity
Type
Ratings
Length
Year
Community
Subscriptions
Recent Discussions
Orange Saloon
Badges
Playlists
Quests
Create
Leaderboards
Showdown
Live 5
Trivia Bingo
Activity
Puzzle Library
Sporcle Events
Private Events
Virtual Trivia
Globe League
Become a Host
Pub Owners
SporcleCon
Opinionation
Our Games
Videos
Blog
Mobile Apps
Partnerships
Remove Ads and Go Orange
Feedback
Music
Pop Music
The Beatles
Song
Album
Lyrics
Bands
Singers
Artist
Clip
Rock
Rap
Classical
Billboard
Country Music
Kpop
Taylor Swift
Music
Pop Music
The Beatles
Song
Album
Lyrics
Bands
Singers
Artist
Clip
Rock
Rap
Classical
Billboard
Country Music
Kpop
Taylor Swift
Random Quiz
Search Sporcle
×
Quiz Lab
Quiz Lab
Music
Album
Type in answers that appear in a list
Type in answers that appear in a list
Classic
Best Score? Go Orange.
Albums by opening and closing lyrics Stats
Can you name the Albums by their opening and closing lyrics?
By
jungleland
6m
18 Questions
112 Plays
112 Plays
112 Plays
Comments
Comments
Give Quiz Kudos
Give Quiz Kudos
-
- Ratings
hide this ad
Replay
Link that replays current quiz
Next Quiz
Link to next quiz in quiz playlist
You Got
0%
They Got
Avg Score
30%
Avg Friend Score
Upgrade to see
Score Distribution
Jump to the score distribution portion of the page
Score
0/18
Timer
06:00
0
Plays Today
Lyrics
Album
% Correct
Out here in the fields, I fight for my meals/
Meet the new boss Same as the old boss
Who's Next
67%
The screen door slams, Mary's dress waves/
But they wind up wounded, not even dead, Tonight in Jungleland
Born to Run
60.7%
I want to run, I want to hide, I want to tear down the walls that hold me inside/
Through the walls, our daughters cry, see their tears in the rainfall
The Joshua Tree
56.3%
Once upon a time, you dressed so fine, you threw the bums a dime, in your prime/
Don't send me no more letters, no, Not unless you mail them From Desolation Row
Highway 61 Revisited
55.4%
I don't feel as if I know you, You take up all my time/
Where were you while we were getting high?
(What's the Story) Morning Glory
50.9%
Asked a girl what she wanted to be.../
Catch you with another man, That’s the end -
ah, little girl.
Rubber Soul
48.2%
Anthony works in the grocery store, Savin' his pennies for someday/
Just to be at home, and to be all alone...with you
The Stranger
33.9%
Pushing through the market square, so many mothers sighing/
Gimme your hands cause you're wonderful, oh gimme your hands.
The Rise and Fall of Ziggy Stardust and the Spiders From Mars
31.3%
Gold coast slave ship bound for cotton fields/
I'm just about a moonlight mile on down the road...
Sticky Fingers
31.3%
Lyrics
Album
% Correct
And if the snow buries my, My neighborhood/
My whole life I've been learning. Oh, Norah!
Funeral
28.6%
Smack, crack, bushwhacked. Tie another one to the racks, baby./
The river empties to the tide. All of this is coming your way
Automatic For the People
21.4%
We took a walk that night but it wasn't the same/
Everything will be alright
Hot Fuss
16.1%
There are nights when I think Sal Paradise was right.../
southtown girls wont blow you away but you know that they'll stay
Boys and Girls in America
13.4%
Step out the front door like a ghost, Into the fog where no one know knows about the contrast of white on white/
I am feathered by the moonlight falling down on me. Change, change,
August and Everything After
11.6%
All alone not by myself, Another girl bad for my health/
Get you broom and sweep the echoes of yesternights fallen freckles! Away!!!
Stadium Arcadium: Mars
8%
So long ago, I don't remember when That's when they say I lost my only friend/
But I wish I felt nothing Then it might be easy for me Like it is for you
Bringing Down the Horse
7.1%
I remember you and me used to spend The whole goddamned day in bed/
And there's someone who understands you more than I do, A sadness I can't erase, All alone on your face
Third Eye Blind
6.3%
Blue jean baby, L.A. lady, seamstress for the band/
Just turn back a page I'll waste away, I'll waste away
Madman Across the River
2.7%
Quiz Playlist
Details
Report
Send in Message
Add To Playlist
Classic:
Type in answers that appear in a list
Last Updated: Feb 16, 2017
Quiz Scoreboard
CHALLENGE
Sign Up to Join the Scoreboard
Show All
Scores
Hide
Comments
May contain spoilers
Recently Published
1-10 Letter E Words III
by El_Dandy
Language
2m
One Thing in Common: World Cities II
by knightlancer
Geography
7m
Popular People in 1961
by mucciniale
History
6m
More to Explore
Quiz From the Vault
Featured Blog Post
Where Did the Easter Bunny Come From?
hide this ad
You Might Also Like...
Tags
Album Quiz
Artist Quiz
Lyrics Quiz
Closing
Today's Top Quizzes in Music
Browse Music
hide this ad
Today's Top Quizzes in Album
Browse Album
Top Contributed Quizzes in Music
1
Taylor Swift All Songs (2024)
2
Taylor Swift Logic Puzzle
3
2010s Album by Cover III
4
Guess the Taylor Swift song (Mystery Song)
5
One Thing in Common: Music
6
Guess the Artist- 70s Songs
7
2010s Album by Cover IV
8
2010s Album by Cover V
9
Get the Picture: Carrie or Dolly
10
Lana Del Rey Discography (BTD to DYKTTATUOB)
Explore More
Trending Topics
Disney
Harry Potter
Marvel
Kpop
Anime
NBA
Crossword
NFL
Song
The Office
Pokémon
Puzzle
Country
Soccer
WWE
hide this ad
More By:
jungleland
Quiz
Plays
Rating
Category
Featured
Created
A Few Good Men Speech
62,370
4.63
Movies
Dec 28, 2009
Guess the Springsteen lyrics
724
3.67
Music
Jun 16, 2010
Albums by opening and closing lyrics
112
4.50
Music
Jun 24, 2010
Butch Walker Songs
59
5.00
Music
Apr 3, 2010
The Wallflowers Songs
57
5.00
Music
Jun 28, 2010
Go to Creator's Profile
Score Distribution
Quiz Creator Spotlight
jungleland
Follow
Send a Message
Quizzes Created
-
Created Quiz Play Count
-
More By This Creator
Popular Quizzes Today
1
Find the US States - No Outlines Minefield
2
The Countries of the World
3
Popular People in 1961
4
Find the Countries of Europe - No Outlines Minefield
5
1-10 Letter E Words III
6
Find the US States
7
One Thing in Common: World Cities II
8
US States
More Music Quizzes
kpop playlist on shuffle
Quiz Lab
Trending Quizzes
1-10 Letter F Words
1-10 Letter G Words
Risky Map Clicking: Next State Alphabetically
1-10 Letter F Words II
Risky Map Clicking: States by Unique Starting Letters
Recently Updated
Leaping Animals
pecheneg
Reality TV Shows (A-Z)
bhenderson79
Rickey Henderson's Hall of Fame Teammates
pecheneg
Champions League XIs: Arsenal
pecheneg
Quick Pick: Celebrities in WWE's Hall of Fame
aduchscher
A-Z Keypad Blitz II
pecheneg
Multiple Oscar Actors
pecheneg
Mystery Phrase Blitz: Oscar 'Best Actors'
pecheneg
F. Scott Fitzgerald Novels
LTH
Pick 3 Villains
ddd62291
Trending Topics
Disney
Anime
Crossword
Harry Potter
Marvel
Kpop
NBA
Puzzle
Song
Soccer
Pokémon
NFL
The Office
WWE
Country
Your Account Isn't Verified!
In order to create a playlist on Sporcle, you need to verify the email address you used during registration. Go to your
Sporcle Settings
to finish the process.
Report this User
Report this user for behavior that violates our
Community Guidelines
.
Details:
Send Report
Go to the Sporcle.com Mobile Site →
Comments